000 00689 a2200181 4500
020 _a1584880171
020 _a9781584880172 (hardcover)
082 0 4 _a670
090 _c1425
_d1425
100 1 _aIlegbusi, Olusegun Johnso.
245 1 0 _aMathematical and physical modeling of materials processing operations /
_cOlusegun Johnso Ilegbusi, Manabu Iguchi, Walter E. Wahnsiedler.
260 _a[S.l.] :
_bCRC Press,
_c2000.
300 _a512 p. ;
_c24 cm.
700 1 _aIlegbusi, Olusegun Johnso.
700 1 _aWahnsiedler, Walter E.
942 _aSNS
_cBK
_k670 ILE
999 _c30036
_d30036